| 000 | 00905cab a2200265 4500 | ||
|---|---|---|---|
| 001 | WB3401-85 | ||
| 008 | 090401t1997 xxu||||| |||| 00| 0 eng d | ||
| 035 | _a(Sirsi) u82867 | ||
| 041 | _aeng | ||
| 245 | _aRule 6 change considered | ||
| 260 | _c1997 | ||
| 350 | _a0 | ||
| 490 |
_aLaw Society`s Gazette _v17 December 1997, 5 |
||
| 490 |
_aNew Law Journal _v147(6821) 19 December 1997, 1838(1) |
||
| 520 | _aThe Law Society Council is considering amending Practice Rule 6 which prohibits conflicts of interests. This will allow solicitors to act for both lenders and borrowers, but only if the lender signs a standard form of instructions. | ||
| 650 | _aBORROWERS | ||
| 650 | _aCONFLICT OF INTERESTS | ||
| 650 | _aCONVEYANCING | ||
| 650 | _aLAW SOCIETY | ||
| 650 | _aMORTGAGE LENDERS | ||
| 650 | _aSOLICITORS | ||
| 690 | _aPROPERTY LAW AND PRACTICE | ||
| 942 | _n0 | ||
| 948 | _c23/12/1997 | ||
| 999 |
_c52329 _d52329 |
||